| 000 | 00614nam a2200217 u 4500 | ||
|---|---|---|---|
| 005 | 20240228064252.0 | ||
| 008 | 170119s2010 r 000 0 eng d | ||
| 020 | _a9786077749158 | ||
| 035 | _aUPN01000215383 | ||
| 049 | _aI | ||
| 050 | 4 |
_aPZ78 _bB3.26 |
|
| 100 | 1 |
_aBasich, Ninah _940072 |
|
| 245 | 1 | 0 |
_aDomitila y el mar / _cNinah Basich ; il. Teresa Martínez. |
| 260 |
_aMéxico : _bCIDCLI, _c2010. |
||
| 300 |
_a24 p. : _bil. |
||
| 440 | 0 | _aReloj de cuentos | |
| 650 | 4 |
_aLibros y lectura para niños _92290 |
|
| 650 | 4 |
_aCuentos infantiles mexicanos _97723 |
|
| 905 | _aInfantil | ||
| 999 |
_c187483 _d187483 |
||